000 00743nam a2200229 i 4500
001 85694
003 ES-MaACL
005 20250926063054.0
007 t|
008 041130s1982 sp ||||1| spa d
020 _a84-7509-0664
100 1 _aJung, Carl G.,
_d1875-1961
_967282
245 1 3 _aEl secreto de la flor de oro
_b: un libro de la vida chino /
_cCarl Gustav Jung, Richard Wilhelm ; [traducción, Roberto Pope].
260 _aBarcelona :
_bPaidós,
_c1982.
300 _a136 p., 5 lám. :
_bil. ;
_c20 cm.
490 1 _aStudio ;
_v12
700 1 _aWilhelm, Richard.
_9116843
700 1 _aPope, Roberto.
_993084
830 0 _aStudio ;
_v12
_9183890
852 _aES-MaACL
_jL-9894
_bR.111797
999 _c85694
_d85694